Les 20 plus gros transferts du football - Statistiques

Statistiques générales
  • Ce quiz a été pris 354 fois
  • Le résultat moyen est 10 sur 20
Statistiques - réponses
Hint Montant Réponse % Correct
1 222 M Neymar
99%
18 86,2 M Neymar
99%
2 180 M Mbappé
98%
11 100 M Ronaldo
89%
15 94 M Ronaldo
89%
10 105 M Dembélé
64%
3 135 M Coutinho
62%
6 120 M Griezmann
59%
9 105 M Pogba
58%
13 99,7 M Bale
43%
7 117 M Grealish
39%
17 87 M Maguire
39%
12 100 M Hazard
36%
8 115 M Lukaku
36%
5 120 M Félix
30%
4 121 M Fernandez
28%
14 95 M Antony
13%
20 85 M Sancho
13%
16 90 M Higuain
12%
19 85,5 M De Ligt
8%
Aucun quiz correspondant
Distribution des résultats
% des personnes avec chaque résultat
Percentile par nombre de réponses
Votre historique - résultats
Vous n’avez pas pris ce quiz